[Event "Victoria Grand Pacific op 17th"]
[Site "Victoria"]
[Date "2024.03.30"]
[Round "2"]
[White "Malek, Omid"]
[Black "Smykalo, Severyn"]
[Result "1/2-1/2"]
[WhiteElo "2202"]
[BlackElo "1904"]
[PlyCount "109"]
[EventDate "2024.03.29"]
[EventType "swiss"]
[EventRounds "6"]
[EventCountry "CAN"]
[SourceTitle "CB16_2024"]
[SourceDate "2024.04.17"]
[SourceVersion "1"]
[SourceVersionDate "2024.04.17"]
[SourceQuality "1"]

1. d4 d5 2. Nc3 Nf6 3. Bf4 Bf5 4. e3 e6 5. Nf3 Bd6 6. Ne5 a6 7. g4 Bxe5 8. dxe5 Nxg4 9. h3 Nh6 10. Rg1 Ng8 11. Bd3 Bg6 12. Bg5 Ne7 13. h4 Nbc6 14. h5 Bxd3 15. cxd3 h6 16. Bf4 Nf5 17. d4 Qh4 18. Qg4 Qxg4 19. Rxg4 Nce7 20. Na4 b6 21. Rc1 Kd7 22. Kd2 g5 23. hxg6 fxg6 24. Kd3 Rag8 25. Rc2 g5 26. Bh2 h5 27. Rg1 g4 28. Rgc1 Rc8 29. b4 Nh4 30. Bf4 Nf3 31. Nc3 Ng6 32. b5 c5 33. bxc6+ Rxc6 34. Nxd5 Rxc2 35. Nf6+ Ke7 36. Kxc2 Nxf4 37. exf4 Rc8+ 38. Kd1 Rxc1+ 39. Kxc1 h4 40. Nxg4 h3 41. Kd1 h2 42. Nxh2 Nxh2 43. Ke2 b5 44. Kd3 a5 45. d5 exd5 46. Kd4 b4 47. Kxd5 a4 48. Kc4 b3 49. axb3 axb3 50. Kxb3 Ng4 51. Kc4 Ke6 52. f3 Nh2 53. Kd4 Nxf3+ 54. Ke4 Nh4 55. Ke3 1/2-1/2

[Event "Warsaw Szansa op"]
[Site "Warsaw"]
[Date "2022.09.18"]
[Round "10"]
[White "Smykalo, Severyn"]
[Black "Moscicka, Pola"]
[Result "1-0"]
[WhiteElo "1840"]
[BlackElo "1958"]
[PlyCount "91"]
[EventDate "2022.09.17"]
[EventType "swiss (rapid)"]
[EventRounds "11"]
[EventCountry "POL"]
[SourceTitle "EXT 2023"]
[Source "ChessBase"]
[SourceDate "2022.10.05"]
[SourceVersion "1"]
[SourceVersionDate "2022.10.05"]
[SourceQuality "1"]

1. d4 Nf6 2. c4 e6 3. Nc3 Bb4 4. Qc2 0-0 5. Nf3 d5 6. a3 Bxc3+ 7. Qxc3 b6 8. g3 Bb7 9. Bg2 Nbd7 10. 0-0 Rc8 11. Bf4 Qe7 12. Rac1 c5 13. dxc5 Nxc5 14. b4 Nce4 15. Qd4 dxc4 16. Rxc4 Rxc4 17. Qxc4 Rc8 18. Qb3 Nc3 19. Re1 Bd5 20. Qb2 Na4 21. Qa1 Nc3 22. Be5 Nb5 23. a4 Nd6 24. Rc1 Rxc1+ 25. Qxc1 Nc4 26. Bc3 h6 27. Qf4 Ne4 28. Be1 Qe8 29. b5 Nc5 30. Qc7 Qa8 31. a5 Kh8 32. a6 Kg8 33. Bb4 Na4 34. Bf1 Ncb2 35. Ne5 Qe8 36. Nc6 Bc4 37. e4 Bxf1 38. Kxf1 Nd3 39. Bd2 Nab2 40. Qxa7 Nc4 41. Bc3 Kh7 42. Qe7 Qa8 43. Qb7 Qe8 44. a7 Nc5 45. Qb8 Qd7 46. Qd8 1-0

[Event "Warsaw Szansa op"]
[Site "Warsaw"]
[Date "2022.09.17"]
[Round "5"]
[White "Smykalo, Severyn"]
[Black "Gumularz, Szymon"]
[Result "0-1"]
[WhiteElo "1840"]
[BlackElo "2532"]
[PlyCount "130"]
[EventDate "2022.09.17"]
[EventType "swiss (rapid)"]
[EventRounds "11"]
[EventCountry "POL"]
[SourceTitle "EXT 2023"]
[Source "ChessBase"]
[SourceDate "2022.10.05"]
[SourceVersion "1"]
[SourceVersionDate "2022.10.05"]
[SourceQuality "1"]

1. d4 e6 2. c4 b6 3. Nf3 Bb7 4. Bg5 Be7 5. Bxe7 Qxe7 6. Nbd2 Nf6 7. e3 0-0 8. Bd3 c5 9. 0-0 Nc6 10. Rc1 Rac8 11. Qe2 cxd4 12. exd4 d5 13. b3 Rfd8 14. Qe3 dxc4 15. bxc4 g6 16. Rfd1 Qd6 17. Ne4 Nxe4 18. Bxe4 Na5 19. Bxb7 Nxb7 20. Ne5 Qf8 21. Ng4 Qg7 22. d5 Nc5 23. Qf4 Kh8 24. h4 exd5 25. cxd5 Nd7 26. Rc7 f5 27. Ne3 Qe5 28. Qxe5+ Nxe5 29. Rxa7 f4 30. Re7 Re8 31. Rxe8+ Rxe8 32. Nc2 Kg7 33. Nd4 Kf6 34. g3 f3 35. Rb1 Nd7 36. Nxf3 Re2 37. a3 Ra2 38. Rb3 Ke7 39. Ng5 h6 40. Re3+ Kf8 41. Ne6+ Kf7 42. d6 Rd2 43. Nd8+ Kf6 44. Nb7 Ne5 45. Rb3 Nd7 46. Kf1 Ke6 47. Ke1 Ra2 48. Rd3 Rc2 49. Nd8+ Kf6 50. Rf3+ Ke5 51. Nf7+ Ke6 52. Nxh6 Ne5 53. Rb3 Rc1+ 54. Ke2 Rc2+ 55. Kf1 Nc4 56. Kg2 Kxd6 57. Ng4 Ra2 58. Ne3 b5 59. Nxc4+ bxc4 60. Rb6+ Kd5 61. Rxg6 c3 62. Rg8 Rxa3 63. Rc8 Kd4 64. Kf3 c2+ 65. Ke2 Rc3 0-1

[Event "Eljanov Memorial 6th"]
[Site "Chess.com INT"]
[Date "2020.10.29"]
[Round "3"]
[White "Smykalo, Severyn"]
[Black "Alexeev, Nikita"]
[Result "1-0"]
[WhiteElo "1882"]
[BlackElo "1472"]
[PlyCount "141"]
[EventDate "2020.10.29"]
[EventType "swiss (blitz)"]
[EventRounds "9"]
[EventCountry "UKR"]
[SourceTitle "CBM 199 Extra"]
[Source "ChessBase"]
[SourceDate "2021.01.31"]
[SourceVersion "1"]
[SourceVersionDate "2021.01.31"]
[SourceQuality "1"]

1. d4 Nf6 2. c4 d6 3. Nc3 g6 4. e4 Bg7 5. Nf3 0-0 6. Be2 Nbd7 7. 0-0 e5 8. d5 a5 9. Be3 Ng4 10. Bg5 Qe8 11. Nd2 Ngf6 12. a3 Nc5 13. b4 axb4 14. axb4 Rxa1 15. Qxa1 Na6 16. Qa3 h6 17. Be3 b6 18. c5 bxc5 19. bxc5 Nxc5 20. Bxc5 dxc5 21. Qxc5 Qd8 22. Nb5 Ba6 23. Rc1 Qd7 24. Qxc7 Bxb5 25. Bxb5 Qxc7 26. Rxc7 Rb8 27. Bd3 Ne8 28. Rc3 Bf8 29. Rb3 Ra8 30. Kf1 Ra1+ 31. Ke2 Ra2 32. Bb1 Ra7 33. Rb8 Nd6 34. Bd3 Kg7 35. g3 f5 36. f3 fxe4 37. fxe4 Nf7 38. Rc8 Ng5 39. h4 Nf7 40. Bc4 Nd6 41. Rc6 Nxc4 42. Nxc4 Ra2+ 43. Kf3 Ra7 44. Nxe5 g5 45. hxg5 hxg5 46. Rg6+ Kh7 47. Rxg5 Re7 48. Rh5+ Kg7 49. Rf5 Ra7 50. Nc6 Ra3+ 51. Kg4 Bc5 52. e5 Be3 53. e6 Ra4+ 54. Kh3 Ra3 55. e7 Ra8 56. Re5 Bg5 57. e8Q Rxe8 58. Rxe8 Kf7 59. Re6 Bf6 60. Kg4 Bg7 61. Kf5 Kg8 62. Rg6 Kh8 63. Rxg7 Kxg7 64. Ke6 Kf8 65. Ne5 Ke8 66. d6 Kd8 67. Nf7+ Ke8 68. d7+ Kf8 69. d8Q+ Kg7 70. Qh8+ Kg6 71. Qh6# 1-0

[Event "EU-ch Online U16"]
[Site "Tornelo INT"]
[Date "2020.09.20"]
[Round "9"]
[White "Gnojek, Petr"]
[Black "Smykalo, Severyn"]
[Result "1/2-1/2"]
[WhiteElo "1748"]
[BlackElo "2109"]
[PlyCount "84"]
[EventDate "2020.09.18"]
[EventType "swiss (rapid)"]
[EventRounds "9"]
[EventCountry "NET"]
[SourceTitle "EXT 2023"]
[Source "ChessBase"]
[SourceDate "2022.10.05"]
[SourceVersion "1"]
[SourceVersionDate "2022.10.05"]
[SourceQuality "1"]
[WhiteTeam "Czech Republic"]
[BlackTeam "Ukraine"]
[WhiteTeamCountry "CZE"]
[BlackTeamCountry "UKR"]

1. d4 d5 2. c4 c6 3. Nc3 e6 4. Nf3 dxc4 5. a4 Bb4 6. e3 b5 7. axb5 cxb5 8. Bd2 Bxc3 9. Bxc3 Nf6 10. b3 Qe7 11. bxc4 Ne4 12. Qc2 Nxc3 13. Qxc3 b4 14. Qc2 a5 15. c5 0-0 16. Bb5 Bb7 17. Ke2 Nc6 18. Rhd1 Rfb8 19. Qa4 Ba6 20. Bxa6 Rxa6 21. Nd2 Na7 22. Kf1 Nb5 23. Rdc1 Nc3 24. Qb3 Qc7 25. g3 Qb7 26. f3 a4 27. Qc4 Qa8 28. e4 g6 29. Kf2 f5 30. Ke3 Kg7 31. Kd3 Qc6 32. Re1 Rd8 33. Qxb4 Nb5 34. d5 exd5 35. e5 Nc7 36. Reb1 Ne6 37. Qb7+ Rd7 38. Qxc6 Rxc6 39. Rb4 Nxc5+ 40. Kd4 Ne6+ 41. Kd3 Nc5+ 42. Kd4 Ne6+ 1/2-1/2

[Event "EU-ch Online U16"]
[Site "Tornelo INT"]
[Date "2020.09.19"]
[Round "5"]
[White "Pobor, Milo"]
[Black "Smykalo, Severyn"]
[Result "1-0"]
[WhiteElo "1988"]
[BlackElo "2109"]
[PlyCount "113"]
[EventDate "2020.09.18"]
[EventType "swiss (rapid)"]
[EventRounds "9"]
[EventCountry "NET"]
[SourceTitle "EXT 2023"]
[Source "ChessBase"]
[SourceDate "2022.10.05"]
[SourceVersion "1"]
[SourceVersionDate "2022.10.05"]
[SourceQuality "1"]
[WhiteTeam "Montenegro"]
[BlackTeam "Ukraine"]
[WhiteTeamCountry "MNE"]
[BlackTeamCountry "UKR"]

1. e4 c5 2. Nf3 e6 3. d4 cxd4 4. Nxd4 Nc6 5. Nc3 Nf6 6. Nxc6 bxc6 7. Bd3 d5 8. 0-0 Be7 9. Qf3 d4 10. e5 dxc3 11. exf6 Bxf6 12. b3 0-0 13. Qxc6 Bd7 14. Qe4 g6 15. Bh6 Re8 16. Rad1 Qa5 17. Qf3 Bg7 18. Bxg6 hxg6 19. Rxd7 Qf5 20. Qxf5 exf5 21. Be3 Re6 22. g3 a5 23. a4 Bf8 24. Rfd1 Bb4 25. Rd8+ Re8 26. Rxa8 Rxa8 27. Kf1 Kf8 28. Rd5 Rc8 29. Bb6 Ra8 30. Bc5+ Ke8 31. Re5+ Kd7 32. Bxb4 axb4 33. Rb5 Kd6 34. Rxb4 Rc8 35. Ke2 Kd5 36. Kd3 g5 37. Rd4+ Ke5 38. f4+ gxf4 39. Rxf4 Rh8 40. h4 Rg8 41. Rf3 Rc8 42. b4 Rc6 43. b5 Rc8 44. a5 Rc5 45. Rf4 Rxb5 46. Ra4 Rb8 47. a6 Kd5 48. a7 Ra8 49. Kxc3 Kc5 50. Kd3 Kb5 51. Ra1 Kb6 52. Ke3 Kb7 53. Kf4 f6 54. Kxf5 Kb6 55. Kxf6 Kb7 56. h5 Rf8+ 57. Kg7 1-0

[Event "Mukachevo Christmas op U16"]
[Site "Mukachevo"]
[Date "2020.01.11"]
[Round "5"]
[White "Kravets, Yuliya"]
[Black "Smykalo, Severyn"]
[Result "0-1"]
[WhiteElo "1710"]
[BlackElo "1831"]
[PlyCount "88"]
[EventDate "2020.01.09"]
[EventType "swiss"]
[EventRounds "9"]
[EventCountry "UKR"]
[SourceTitle "CBM 195 Extra"]
[Source "ChessBase"]
[SourceDate "2020.05.31"]
[SourceVersion "1"]
[SourceVersionDate "2020.05.31"]
[SourceQuality "1"]

1. e4 c5 2. c4 Nc6 3. Ne2 g6 4. d4 cxd4 5. Nxd4 Bg7 6. Be3 Nf6 7. Nc3 0-0 8. Be2 d6 9. 0-0 Nxd4 10. Bxd4 Bd7 11. Qd2 Bc6 12. f3 a6 13. Rfd1 Re8 14. Bf1 Qa5 15. Rab1 Nd7 16. b4 Bxd4+ 17. Qxd4 Qb6 18. b5 axb5 19. cxb5 Qxd4+ 20. Rxd4 Ra3 21. bxc6 bxc6 22. Rb3 Rxb3 23. axb3 Rb8 24. b4 c5 25. bxc5 Nxc5 26. Nd5 Kf8 27. Rb4 Ra8 28. Kf2 e6 29. Nb6 Ra2+ 30. Kg3 Ke7 31. Bb5 Rd2 32. Na4 Nb7 33. Ba6 Nd8 34. Nb6 f5 35. exf5 gxf5 36. Rh4 Nf7 37. Rc4 Kf6 38. Nd7+ Kg7 39. h4 e5 40. Rc7 f4+ 41. Kh2 e4 42. Kh3 e3 43. Rc1 Nh6 44. Nb6 d5 0-1

[Event "Mukachevo Christmas op U16"]
[Site "Mukachevo"]
[Date "2020.01.10"]
[Round "4"]
[White "Smykalo, Severyn"]
[Black "Prydun, Andriy"]
[Result "1/2-1/2"]
[WhiteElo "1831"]
[BlackElo "2267"]
[PlyCount "167"]
[EventDate "2020.01.09"]
[EventType "swiss"]
[EventRounds "9"]
[EventCountry "UKR"]
[SourceTitle "CBM 195 Extra"]
[Source "ChessBase"]
[SourceDate "2020.05.31"]
[SourceVersion "1"]
[SourceVersionDate "2020.05.31"]
[SourceQuality "1"]

1. e4 c6 2. d4 d5 3. exd5 cxd5 4. Bd3 Nf6 5. c3 g6 6. Bf4 Nc6 7. Nf3 Bf5 8. 0-0 Bxd3 9. Qxd3 Bg7 10. Nbd2 0-0 11. h3 Ne8 12. Rfe1 e6 13. a4 Rc8 14. Ne5 Nd6 15. Nxc6 Rxc6 16. Bxd6 Qxd6 17. a5 Bf6 18. Nf3 a6 19. Qd2 Qc7 20. Ne5 Bxe5 21. Rxe5 Rb8 22. Ree1 b6 23. axb6 Rbxb6 24. Ra2 Rb3 25. Rea1 Qb7 26. Qe2 Qb5 27. Kf1 Qxe2+ 28. Kxe2 Rcb6 29. Ke3 Rxb2 30. Rxb2 Rxb2 31. Rxa6 Rc2 32. Rc6 Kg7 33. Rc7 g5 34. g3 Rc1 35. f4 Rh1 36. fxg5 Rxh3 37. Kf4 Rh1 38. Rc8 Re1 39. g4 Re2 40. Kf3 Rh2 41. Kg3 Rh1 42. Kg2 Re1 43. Kf2 Rh1 44. Kg2 Ra1 45. Kf2 Ra2+ 46. Kf3 Ra4 47. Ke3 Ra2 48. Kf3 Rd2 49. Kg3 Rd3+ 50. Kf2 Rd2+ 51. Kf3 Rc2 52. Kg3 Rb2 53. Kf3 Rb1 54. Kf2 Ra1 55. Kg2 Rc1 56. Kf2 Rd1 57. Kg2 Rb1 58. Kf2 Rc1 59. Kg2 Re1 60. Kf2 Rd1 61. Kg2 Rd3 62. Kf2 h6 63. gxh6+ Kxh6 64. Rc7 Kg6 65. Kg2 Rd2+ 66. Kf3 Rd1 67. Kg2 Rc1 68. Kf2 f6 69. Rc6 Kf7 70. Rc7+ Ke8 71. Kg2 Rc2+ 72. Kf3 Kd8 73. Rf7 Rxc3+ 74. Ke2 Rc2+ 75. Ke3 Rc1 76. Rxf6 Re1+ 77. Kd3 Re4 78. g5 Ke7 79. Rg6 Rg4 80. Ke3 Rg3+ 81. Ke2 Kd7 82. Kd2 Rg4 83. Ke3 Re4+ 84. Kd3 1/2-1/2